• 首页
  • 本馆介绍
  • 公告通知
  • 最新文献
  • 馆藏检索
  • 电子资源
  • 读者导购
  • 参考咨询
  • 我的图书馆
  • 登录
  • 详细信息显示
  • 放入我的书架
  • 预约/预借图书
  • 作者相关作品
  • 分类相关作品
  • 丛书相关作品
  • 出版社相关作品

书目信息

  • 表格格式
  • 工作单格式
  • 卡片格式
题名:
色彩与图形视觉原理
    
 
作者: 古大治 , 傅师申 , 杨仁鸣 著
分册:  
出版信息: 北京   科学出版社  2000
页数: 180页
开本: 26cm
丛书名:
单 册:
中图分类: J06
科图分类:
主题词: 美术理论 , 色彩--视觉 , 图形--视觉
电子资源:
ISBN: 7-03-008308-3
000 00808nam0 2200253 45
001 0306161771
005 20031219104111.1
010    @a7-03-008308-3@dCNY32.00
100    @a20030616d2000 km y0chiy0120 ea
101 0  @achi
105    @aa z 000yy
200 1  @a色彩与图形视觉原理@ASe Cai Yu Tu Xing Shi Jue Yuan Li@e关于看的艺术与科学@EGuan Yu Kan De Yi Shu Yu Ke Xue@f古大治,傅师申,杨仁鸣著@FGu Da Zhi,Fu Shi Shen,Yang Ren Ming Zhu
210    @a北京@c科学出版社@d2000
215    @a180页@c图版@d26cm
517    @a关于看的艺术与科学@AGuan Yu Kan De Yi Shu Yu Ke Xue
606 0  @a美术理论
606 0  @a色彩@x视觉
606 0  @a图形@x视觉
690    @aJ06@v4
701  0 @a古大治@4著
701  0 @a傅师申@4著
701  0 @a杨仁鸣@4著
801    @aCN@bTSTC@c20030616
905    @b324113-120@dJ06@e103@f8
    
    色彩与图形视觉原理:关于看的艺术与科学/古大治,傅师申,杨仁鸣著.-北京:科学出版社,2000
    180页:图版;26cm
    
    
    ISBN 7-03-008308-3:CNY32.00
    
●
相关链接 在E读中查询图书 在五车中查询图书 在当当中查询图书 在豆瓣中查询图书


正题名:色彩与图形视觉原理     索取号:J06/103         预约/预借

序号 登录号 条形码 馆藏地/架位号 状态 备注
1 0324113   203241134   第一借阅区/ [索取号:J06/103] 在馆    
2 0324114   203241143   第一借阅区/ [索取号:J06/103] 在馆    
3 0324115   203241152   第一借阅区/ [索取号:J06/103] 在馆    
4 0324116   203241161   第一借阅区/ [索取号:J06/103] 在馆    
5 0324117   203241170   第一借阅区/ [索取号:J06/103] 在馆    
6 0324118   203241189   第一借阅区/ [索取号:J06/103] 在馆    
7 0324119   203241198   第一借阅区/ [索取号:J06/103] 在馆    
8 0324120   203241205   第一样本阅览室/ [索取号:J06/103] 在馆    
唐山师范学院图书馆 欢迎您!
大连网信软件有限公司© 版权所有